Statistics for Possessive Pronouns Quiz

Click here to take the quiz!

General Stats

  • This quiz has been taken 42 times
  • The average score is 8 of 8

Answer Stats

Subject PronounPossessive Adjective% Correct
SheHer
97%
HeHis
97%
ItIts
97%
WeOur
97%
YouYour
94%
IMy
91%
YouYour
91%
TheyTheir
88%

Score Distribution

Percentile by Number Answered

Percent of People with Each Score

Your Score History

You have not taken this quiz